000 00514nam a2200145Ia 4500
008 100122s9999 xx 000 0 und d
082 _b15581
_a922.945
100 _aबेलसरे केशव वि
245 _aगोंदवलेकर महाराज
260 _bबुकसेलर्स आणि पब्लिशर्स
_c1967
300 _a651
630 _aगोंदवलेकर महाराज
730 _aगोंदवलेकर महाराज
942 _cBOOK
999 _c405806
_d405803